応援歌がある埼玉西武ライオンズの選手(2006年以降) - Statistics

General Stats
  • This quiz has been taken 42 times
  • The average score is 55 of 111
Answer Stats
Hint 背番号 Answer % Correct
2017〜 6 源田壮亮
96%
2002〜 52/1 栗山巧
93%
2015〜 44/5 外崎修汰
93%
2001〜2012 30/10 佐藤友亮
89%
2002〜 60 中村剛也
89%
2006〜20182024〜 37/2/27 炭谷銀仁朗
89%
2011〜2019 55 秋山翔吾
89%
2014〜2022 10 森友哉
89%
2014〜2023 33/3 山川穂高
89%
2019〜2025 31/58/10 佐藤龍世
89%
2021〜2025 8/66 渡部健人
89%
2025〜 8 渡部聖弥
89%
2025〜 26 ネビン
89%
2004〜2011 46 G.G.佐藤
89%
2009〜2018 32/3 浅村栄斗
86%
2018〜 51 西川愛也
86%
2021〜 122/63 長谷川信哉
86%
2013〜2024 2/8/7 金子侑司
82%
2013〜2017 8 渡辺直人
82%
2007〜2016 11 岸孝之
79%
2014〜2021 99 メヒア
79%
2020〜 68 岸潤一郎
79%
2022〜 22 古賀悠斗
79%
1999〜20062020〜2021 18/16/18 松坂大輔
75%
2004〜2010 58 松坂健太
75%
2022〜 126/62 滝澤夏央
71%
1994〜2003 2018 32/7 松井稼頭央
68%
2005〜2013 7 片岡易之
68%
2005〜2013 16/18 涌井秀章
68%
2023〜 9 蛭間拓哉
68%
1997〜2007 22/5 和田一浩
64%
2001〜2007 42 カブレラ
64%
2007〜2021 41/51/9 木村文和
64%
2016〜2017 0 木村昇吾
64%
2017〜2024 46 鈴木将平
64%
2025〜 40 セデーニョ
64%
1994〜2007 14/21 石井貴
61%
1995〜2015 13 西口文也
61%
2001〜2012 56/3 中島裕之
61%
2003〜2011 40/32/5 石井義人
61%
2008〜2013 61/16 石井一久
61%
2011〜2017 56/4 鬼崎裕司
61%
2011〜2022 58 熊代聖人
61%
2014〜2024 37/2 岡田雅利
61%
2002〜2010 47/30/27 細川亨
57%
2015〜2022 52 山田遥楓
57%
2020〜 37 柘植世那
57%
2010〜2018 17/16 雄星
54%
2020〜2021 22 スパンジェンバーグ
54%
2021〜 32 山村崇嘉
54%
2008〜2009 55 ボカチカ
50%
2012〜2013 6 ヘルマン
50%
2019〜2025 4 山野辺翔
50%
2000〜2013 1/44 高山久
46%
2004〜20052010〜2011 1/52 フェルナンデス
46%
2007〜2019 65 斉藤彰吾
46%
2014 6 ランサム
46%
2016〜2023 39 呉念庭
46%
2024〜 67 野村大樹
46%
1999〜2009 9 赤田将吾
43%
2001〜2012 15/23/8 平尾博嗣
43%
2008 42 ブラゼル
43%
2011〜2017 35 牧田和久
43%
2012〜2020 59/32 永江恭平
43%
2014〜2015 7 脇谷亮太
43%
2021〜 31 平沼翔太
43%
2006〜2009 33 江藤智
39%
2007〜2017 0/9 大崎雄太朗
39%
2009〜2018 31/88 坂田遼
39%
2012〜2013 42 嶋重宣
39%
2012/2013 2/10 カーター
39%
2021〜2024 35 若林楽人
39%
2001〜2011 46/22 野田浩輔
36%
2005〜2013 61/52/33 星秀和
36%
2009 4 清水崇行
36%
2010〜2011 42 ブラウン
36%
2011〜2016(2019) 61/25/(181) 星孝典
36%
2014〜2015 0 森本稀哲
36%
1995〜2008 40/4 高木浩之
32%
2001〜2011 48/34/47 帆足和幸
32%
2003〜2017 49 上本達之
32%
2016〜2023 53 愛斗
32%
2023〜2024 52 陽川尚将
32%
2003〜2011 6 後藤武敏
29%
2010〜2012 9 阿部真宏
29%
2010〜2015 53 石川貢
29%
2000〜2012 51 大島裕行
25%
2001〜2009 59/45 水田圭介
25%
2011 24 マルハーン
25%
2001〜2011 25/15/61 大沼幸二
21%
2003〜2010 14 小野寺力
21%
2006〜2007 53 福地寿樹
21%
2012〜2013 14/8 オーティズ
21%
2015 6 セラテリ
21%
2016 6 竹原直隆
21%
2010〜2014 4/44 美沢将
18%
2013〜2014 125/72 アブレイユ
18%
1999〜2012 26 星野智樹
14%
2000〜2008 39 貝塚政秀
14%
2007〜2012 43/5 原拓也
14%
2010〜2015 36 米野智人
14%
2013 19 スピリー
14%
2004〜2011 56 黒瀬春樹
11%
2006〜2007 40 リーファー
11%
2008 2 種田仁
11%
1999〜2007 12/2 柴田博之
7%
1993〜2008 68 田原晃司
4%
2003〜2006 0 高波文一
4%
2003〜2006 55 椎木匠
0%
2004〜2006 43 宮崎一彰
0%
2008〜2009 53 三浦貴
0%
No matching quizzes found
Score Distribution
Percent of People with Each Score
Percentile by Number Answered
Your Score History
You have not taken this quiz